[Event "BCF-chT4S 1920 (4NCL)"]
[Site "England"]
[Date "2019.11.09"]
[Round "1.136"]
[White "Dias, Ruwan"]
[Black "Love, James"]
[Result "0-1"]
[WhiteElo "1497"]
[BlackElo "1473"]
[PlyCount "102"]
[EventDate "2019.11.09"]
[EventType "team-swiss"]
[EventRounds "11"]
[EventCountry "ENG"]
[SourceTitle "EXT 2022"]
[Source "ChessBase"]
[SourceDate "2021.10.06"]
[SourceVersion "1"]
[SourceVersionDate "2021.10.06"]
[SourceQuality "1"]
[WhiteTeam "Wood Green Youth"]
[BlackTeam "Celtic Tigers III"]
[WhiteTeamCountry "ENG"]
[BlackTeamCountry "ENG"]

1. e4 e6 2. d4 d5 3. Nc3 c5 4. Nf3 Nc6 5. Bf4 Bd6 6. Bxd6 Qxd6 7. Nb5 Qd8 8. Nc3 dxe4 9. Nxe4 Nxd4 10. Nxd4 cxd4 11. Bb5+ Bd7 12. Qxd4 Bxb5 13. Nd6+ Ke7 14. Nxb5 Qxd4 15. Nxd4 Rd8 16. 0-0-0 Nh6 17. h3 Kf6 18. Nf3 Kf5 19. Nd4+ Kf6 20. g4 Ke7 21. Rhe1 Rd5 22. f4 Rhd8 23. c3 g6 24. Kc2 R8d6 25. Nf3 Rxd1 26. Rxd1 Rxd1 27. Kxd1 f6 28. Kd2 Nf7 29. Kd3 g5 30. fxg5 Nxg5 31. Nxg5 fxg5 32. Ke4 Kd6 33. Kd4 b6 34. b4 b5 35. a3 a6 36. Ke4 h6 37. Kd4 e5+ 38. Ke4 Ke6 39. Kd3 Kd5 40. Ke3 e4 41. Kd2 Ke6 42. Ke3 Ke5 43. Ke2 Kf4 44. Kf2 e3+ 45. Ke2 Ke4 46. Ke1 Kd3 47. Kd1 e2+ 48. Ke1 Ke3 49. a4 bxa4 50. b5 axb5 51. c4 a3 0-1

[Event "BCF-chT4S 1819 (4NCL)"]
[Site "England"]
[Date "2018.11.18"]
[Round "2.115"]
[White "Dias, Ruwan"]
[Black "Quinn, Peter"]
[Result "1/2-1/2"]
[WhiteElo "1465"]
[BlackElo "1838"]
[PlyCount "54"]
[EventDate "2018.11.17"]
[EventType "team-swiss"]
[EventRounds "11"]
[EventCountry "ENG"]
[SourceTitle "EXT 2021"]
[Source "ChessBase"]
[SourceDate "2020.10.23"]
[SourceVersion "1"]
[SourceVersionDate "2020.10.23"]
[SourceQuality "1"]
[WhiteTeam "Wood Green Youth"]
[BlackTeam "The Full Ponty"]
[WhiteTeamCountry "ENG"]
[BlackTeamCountry "WLS"]

1. e4 Nf6 2. e5 Nd5 3. d4 d6 4. Nf3 Bg4 5. Be2 e6 6. Nbd2 Nc6 7. 0-0 Nf4 8. c3 Nxe2+ 9. Qxe2 Be7 10. b3 0-0 11. Ba3 dxe5 12. Bxe7 Qxe7 13. dxe5 Qc5 14. c4 Nd4 15. Qe4 Nxf3+ 16. Nxf3 Bxf3 17. Qxf3 b6 18. Rfe1 Rad8 19. Re2 Qd4 20. Rae1 Rd7 21. Qe3 Qxe3 22. Rxe3 Rd2 23. R3e2 Rfd8 24. h3 Kf8 25. Kf1 Ke7 26. Rxd2 Rxd2 27. Re2 Rd1+ 1/2-1/2